|
|
|
|
| LEADER |
00000nam0a2200000 4500 |
| 001 |
322723 |
| 005 |
20231102003512.0 |
| 035 |
|
|
|a (RuTPU)RU\TPU\book\348282
|
| 090 |
|
|
|a 322723
|
| 100 |
|
|
|a 20161003d2015 m y0rusy50 ca
|
| 101 |
0 |
|
|a rus
|a ger
|
| 102 |
|
|
|a RU
|
| 105 |
|
|
|a a j 001zy
|
| 200 |
1 |
|
|a Немецкий язык в научных целях
|d Wissenschaftssprache deutsch
|e учебное пособие
|f И. К. Забродина, О. М. Овчинникова, М. А. Овсянникова
|g Национальный исследовательский Томский политехнический университет (ТПУ)
|
| 210 |
|
|
|a Томск
|c Изд-во ТПУ
|d 2015
|
| 215 |
|
|
|a 134 с.
|c ил.
|
| 320 |
|
|
|a Библиография в тексте
|
| 330 |
|
|
|a Пособие содержит теоретический и практический материал для совершенствования профессиональной компетенции в подготовке презентации научных текстов на немецком языке. Предназначено для преподавателей неязыковых специальностей и научных работников, владеющих немецким языком не ниже уровня В1 и использующих его в сфере научного общения.
|
| 510 |
1 |
|
|a Wissenschaftssprache deutsch
|z ger
|
| 606 |
1 |
|
|a Немецкий язык
|x Для вузов
|x Пособия по развитию речи
|2 stltpush
|3 (RuTPU)RU\TPU\subj\45398
|9 64640
|
| 610 |
1 |
|
|a лексика
|
| 610 |
1 |
|
|a грамматика
|
| 610 |
1 |
|
|a разговорная речь
|
| 610 |
1 |
|
|a письменная речь
|
| 610 |
1 |
|
|a деловое общение
|
| 610 |
1 |
|
|a презентации
|
| 610 |
1 |
|
|a подготовка
|
| 610 |
1 |
|
|a практические приемы
|
| 610 |
1 |
|
|a труды учёных ТПУ
|
| 686 |
|
|
|a Ш143.24-923.4
|v LBC/SL-A
|2 rubbk
|
| 700 |
|
1 |
|a Забродина
|b И. К.
|c лингвист
|c доцент Томского политехнического университета, кандидат педагогических наук
|f 1983-
|g Ирина Константиновна
|2 stltpush
|3 (RuTPU)RU\TPU\pers\29447
|
| 701 |
|
1 |
|a Овчинникова
|b О. М.
|c лингвист
|c доцент Томского политехнического университета, кандидат педагогических наук
|f 1953-
|g Ольга Михайловна
|2 stltpush
|3 (RuTPU)RU\TPU\pers\24737
|
| 701 |
|
1 |
|a Овсянникова
|b М. А.
|c лингвист
|c старший преподаватель Томского политехнического университета
|f 1980-
|g Маргарита Александровна
|2 stltpush
|3 (RuTPU)RU\TPU\pers\26649
|
| 712 |
0 |
2 |
|a Национальный исследовательский Томский политехнический университет (ТПУ)
|c (2009- )
|2 stltpush
|3 (RuTPU)RU\TPU\col\15902
|
| 801 |
|
1 |
|a RU
|b 63413507
|c 20161003
|
| 801 |
|
2 |
|a RU
|b 63413507
|c 20161010
|g RCR
|
| 900 |
|
|
|a Немецкий язык
|
| 942 |
|
|
|c BK
|